000 00771nam a2200265 i 4500
003 DO-SdBNP
005 20250728075629.0
007 ta
008 250728s1985 dr a r 000 0 spa d
040 _aDO-SdBNP
_bspa
_cBNPHU
_erda
041 _aspa
082 _axxxx
_bC357
_222
110 1 _aEl Catador
_988441
245 1 0 _aManual de vinos /
264 1 _aSanto Domingo :
_bIntergrafic,
_c1985.
300 _a83 páginas ;
_bilustraciones
_c24 cm.
336 _atexto
_btxt
_2rdacontent
337 _asin mediación
_bn
_2rdamedia
338 _avolumen
_bnc
_2rdacarrier
590 _aInventariado, 2025/ YL
650 4 _aDerecho internacional privado
_zRepública Dominicana
_98603
650 0 _aConflicto de Leyes
_940212
910 _aYLockward
942 _2ddc
_cLBS1
999 _c59642
_d59642